000 00648nam a2200193Ia 4500
001 5415
003 GE_BSU
008 181216s||||||||xx |||||||||||||| ||und||
040 _cGE_BSU
080 _a51
100 _aДынкин Е.Б;В.А.Успенский.
245 _aМатематические беседы. Задачи о многоцветной раскраске. Задачи из теории чисел. Случайные блуждания.
260 _aМосква
260 _bгостехиздат.
260 _c1962
300 _a288с. 20см.
653 _aМатематические беседы.
942 _cBK
999 _c38963
_d38963